La familia funcional (Registro nro. 2848)
[ vista simple ]
| 000 -Cabecera | |
|---|---|
| Campo de control de longitud fija | 00534aam a2200205 4500 |
| 005 - Fecha y hora de la última transacción | |
| Campo de control | 20231010114610.0 |
| 008 - Elementos de longitud fija--Información general | |
| Campo de control de longitud fija | 150615b2004 xxu||||| |||| 00| 0 spa d |
| 020 ## - International Standard Book Number | |
| Número Internacional Estándar del Libro (ISBN) | 9707230223 |
| 041 ## - Idioma | |
| Código de idioma | Español |
| 082 ## - Clasificación Decimal Dewey | |
| Número de clasificación | 306.8 D528f |
| 100 ## - Entrada principal--Autor personal | |
| Nombre personal | Dey,Alex |
| 9 (RLIN) | 24581 |
| 245 ## - Título propiamente dicho | |
| Título | La familia funcional |
| 260 ## - Pie de imprenta | |
| Lugar de publicación, distribución, etc. | Colombia |
| Nombre del editor, distribuidor, etc. | Ibalpe |
| Fecha de publicación, distribución, etc. | 2004 |
| 300 ## - Descripción física | |
| Extensión | 202 páginas |
| 505 ## - Nota de contenido | |
| Nota de contenido | Contiene disco compacto N° 615, N° 616 |
| 650 ## - Materia general | |
| Temática (materia general) | FAMILIA |
| 650 ## - Materia general | |
| Temática (materia general) | EDUCACIÓN FAMILIAR |
| 650 ## - Materia general | |
| Temática (materia general) | RELACIONES FAMILIARES |
| 942 ## - Punto de acceso adicional KOHA | |
| Tipo de ítem KOHA | Libro |
| Fuente del sistema de clasificación o colocación | Dewey Decimal Classification |
| Signatura completa | Código de barras | Tipo de ítem |
|---|---|---|
| 306.8 D528f | 16171 | Libro |
| 306.8 D528f | 615DC | Disco Compacto |
| 306.8 D528f | 616DC | Disco Compacto |